000 00724cam a22002653a 4500
001 7517
003 PGUSA
005 20140828083145.0
008 050201s2005||||xxu|||||s|||||000 1 eng d
040 _aPGUSA
_beng
042 _adc
050 4 _aPS
100 1 _aWharton, Edith,
_d1862-1937
245 1 0 _aSanctuary
_h[electronic resource] /
_cEdith Wharton
260 _bProject Gutenberg,
_c2005
506 _aPublic domain in the USA.
516 _aElectronic text
653 _aMothers and sons -- Fiction
653 _aDomestic fiction
653 _aWidows -- Fiction
653 _aPsychological fiction
830 0 _aProject Gutenberg
_v7517
856 4 0 _uhttp://www.gutenberg.org/ebooks/7517
942 _cEB
999 _c236837
_d236837